000 00635nam a2200205 a 4500
005 20140412111307.0
008 001108s19uu xx 00 eng d
020 _a4-915249-56-5
050 _aTR(PS E
_bDo65 1989
100 _aHirata Shogo
245 _aA Donkey in lions disguise :
_ba wolf and a lamb-the bear abd the travelers /
_cShogo Hirata.
260 _aTokyo :
_bJoie, Inc,
_c1989.
300 _a1 v. (unp.) ; ill.
440 _aillustrated Fantasy Books for Childrens
650 _aAesops Fables
650 _aDisguise--Fiction
650 _aDifficulties--Fiction
650 _aSelfishness-Fiction
999 _c103760
_d103760